Lakes of the world - Statistics

General Stats
  • This quiz has been taken 36 times
  • The average score is 8 of 15
Answer Stats
Question Answer % Correct
Where is lake superior located? Between Canada and the USA
100%
What three countries share lake Victoria? Kenya, Uganda and Tanzania
100%
Lake eyre is located in which country? Australia
75%
The great bear lake is located in? Canada
75%
Loch Ness is located in which country? UK
75%
Which state is the great salt lake located in? Utah
75%
Lake Chad is mostly located in? Chad
50%
Lake Balkhash is located in what country? Kazakhstan
50%
Where is lake baikal located? Russia
50%
Tuz Gölü is located in? Turkey
50%
Therthar lake is located in which country? Iraq
25%
Lake Kitaura is located in? Japan
25%
Where is lake cocibolca located? Nicaragua
25%
Taihu lake is located in? China
0%
Rann of Kutch lake is mostly located in? India
0%
No matching quizzes found
Score Distribution
Percent of People with Each Score
Percentile by Number Answered
Your Score History
You have not taken this quiz